Step-by-step guide to office management and company formation in Malaysia : company secretarial practice-updated

Bibliographic Details
Main Author: Goh Chen Chuan
Format: Book
Published: Kuala Lumpur : Leeds Publication , 1991
Subjects:

MARC

LEADER 00000cam a2200000 7i4500
001 0000000295
002 000000369
005 20000330.0
020 |a 9839957872 
090 0 0 |a 651.309595   |b GOH 
100 0 |a Goh Chen Chuan 
245 1 0 |a Step-by-step guide to office management and company formation in Malaysia :   |b company secretarial practice-updated   |c Goh Chen Chuan 
260 |a Kuala Lumpur :   |b Leeds Publication ,   |c 1991 
300 |a 242 p. ;   |c 25 cm. 
650 0 0 |a Corporation secretaries   |z Malaysia   |x Handbooks, manuals, etc 
650 0 0 |a Corporations   |z Malaysia   |x Handbooks, manuals, etc 
650 0 0 |a Office management   |x Handbooks,manuals, etc 
999 |a 027795   |b BUKU   |c MALAYSIANA   |e PERPUSTAKAAN KOMUNITI PETALING JAYA 
999 |a 037753   |b BUKU   |c PINJAMAN   |e PERPUSTAKAAN KOMUNITI PETALING JAYA